LEADER 01011nam0 2200289 450 001 000021109 005 20090107094432.0 100 $a20090107d1966----km-y0itay50------ba 101 0 $afre 102 $aFR 105 $ay-------001yy 200 1 $aExercices de calcul opérationnel avec leurs solutions$etransformation de Carson-Laplace$fpar M. Denis-Papin, A. Kaufmann, R. Faure 205 $a3e éd. revue et augmentée 210 $aParis$cEyrolles$d1966 215 $a188 p.$d25 cm 500 10$aExercices de calcul opérationnel avec leurs solutions$947918 610 1 $aCalcolo operatorio$aEsercizi 610 1 $aTrasformate di Laplace$aEsercizi 676 $a515.72$v19 700 1$aDenis-Papin,$bMaurice$0625 701 1$aKaufmann,$bArnold$014433 701 1$aFaure,$bRobert$0734 801 0$aIT$bUNIPARTHENOPE$c20090107$gRICA$2UNIMARC 912 $a000021109 951 $aG 515.72/2$bG 478$cDSA$d2008 996 $aExercices de calcul opérationnel avec leurs solutions$947918 997 $aUNIPARTHENOPE LEADER 01533nam 2200409 450 001 9910703835603321 005 20150730122650.0 035 $a(CKB)5470000002435377 035 $a(OCoLC)915140654 035 $a(EXLCZ)995470000002435377 100 $a20150730d2007 ua 0 101 0 $aeng 135 $aurcn||||||||| 181 $ctxt$2rdacontent 182 $cc$2rdamedia 183 $acr$2rdacarrier 200 00$a[Health communication - considerations for developing effective health communication strategies] 210 1$a[Bethesda, Md.] :$cDepartment of Health and Human Services, National Institutes of Health, National Cancer Institute, Health Information National Trends Survey,$d2007. 215 $a1 online resource (2 unnumbered pages) $ccolor illustrations 225 1 $aHints briefs ;$vnumber 7 300 $aTitle from title screen (viewed July 30, 2015). 300 $a"August 2007." 320 $aIncludes bibliographical references. 606 $aCancer$xInformation services 606 $aHuman behavior$vStatistics 606 $aHealth risk communication 608 $aStatistics.$2lcgft 615 0$aCancer$xInformation services. 615 0$aHuman behavior 615 0$aHealth risk communication. 712 02$aHealth Information National Trends Survey, 801 0$bGPO 801 1$bGPO 906 $aBOOK 912 $a9910703835603321 996 $aHealth communication - considerations for developing effective health communication strategies$93134935 997 $aUNINA